[Event "23rd European Teams"]
[Site "Terme Catez SLO"]
[Date "2021.11.15"]
[Round "4.12"]
[Board "4"]
[White "Seitaj, Ilir"]
[Black "Haria, Ravi"]
[Result "1/2-1/2"]
[WhiteTitle "IM"]
[BlackTitle "IM"]
[WhiteElo "2351"]
[BlackElo "2497"]
[WhiteTeam "Albania"]
[BlackTeam "England"]
[WhiteFideId "4700031"]
[BlackFideId "415820"]
[EventDate "2021.11.12"]

1. e4 e6 2. d4 d5 3. Nc3 Nf6 4. Bg5 dxe4 5. Nxe4 Be7 6. Bxf6 gxf6 7. g3 f5 8.
Nc3 Bf6 9. Nge2 Nc6 10. d5 Ne5 11. Bg2 c6 12. dxc6 Nxc6 13. Qxd8+ Kxd8 14.
O-O-O+ Ke7 15. Rhe1 Rd8 16. Rxd8 Kxd8 17. Nb5 Bd7 18. Nf4 Be7 19. Rd1 a6 20. Nd6
Bxd6 21. Rxd6 Ke7 22. Rd2 Rc8 23. b3 Rc7 24. Kb2 Ne5 25. Re2 f6 26. a4 Kf7 27.
Rd2 Ng6 28. Ne2 Ke7 29. f4 Bc6 30. Bxc6 Rxc6 31. Nd4 Rd6 32. c4 Kd7 33. Kc3 Ne7
34. b4 e5 35. Nb3 Rxd2 36. Kxd2 Ng6 37. Nc5+ Kc6 38. Nd3 Kd6 39. Kc3 Nf8 40. a5
Nd7 41. Ne1 Nf8 42. Ng2 Ng6 43. Kd3 Ke6 44. h4 h5 45. c5 Ne7 46. Kc4 Nd5 47. Ne1
Ne3+ 48. Kd3 Nd5 49. Kc4 Ne3+ 50. Kd3 Nf1 51. Kc4 Nxg3 52. b5 axb5+ 53. Kxb5 Kd7
54. Kb6 Kc8 55. c6 bxc6 56. a6 Kb8 57. Nd3 Ne4 58. fxe5 fxe5 59. Nxe5 f4 60.
Nxc6+ Ka8 61. Nd4 Nc3 62. Nf3 Nd5+ 63. Kc5 Ne3 64. Nd4 Ka7 65. Kb5 Nd5 66. Ka5
Ka8 67. Nf3 Ka7 68. Ne5 Ka8 69. Kb5 Ka7 70. Nc6+ Ka8 71. Kc4 Ne3+ 72. Kd3 Nf5
73. Ke4 Nxh4 74. Kxf4 Ng6+ 75. Kf5 Ne7+ 1/2-1/2

[Event "23rd European Teams"]
[Site "Terme Catez SLO"]
[Date "2021.11.15"]
[Round "4.13"]
[Board "4"]
[White "Seo, Jung Min"]
[Black "Rasmussen, Allan Stig"]
[Result "0-1"]
[WhiteTitle "IM"]
[BlackTitle "GM"]
[WhiteElo "2455"]
[BlackElo "2577"]
[WhiteTeam "Sweden"]
[BlackTeam "Denmark"]
[WhiteFideId "1734687"]
[BlackFideId "1406000"]
[EventDate "2021.11.12"]

1. d4 Nf6 2. c4 e6 3. Nf3 c5 4. d5 b5 5. Bg5 exd5 6. cxd5 h6 7. Bxf6 Qxf6 8. e4
Qxb2 9. Nbd2 c4 10. Rb1 Qxa2 11. Rxb5 c3 12. Nc4 a5 13. d6 Nc6 14. Bd3 Ba6 15.
Rc5 Bxc4 16. Bxc4 c2 17. Bxa2 cxd1=Q+ 18. Kxd1 Bxd6 19. Rd5 Ke7 20. e5 Bc7 21.
Bc4 Rhd8 22. Ke2 Rab8 23. Rhd1 Rb2+ 24. Kf1 Bb6 25. Nd2 a4 26. Bb5 Nb4 27. Rd6
Bc5 28. Ne4 Bxd6 29. exd6+ Kf8 30. Bxa4 Na6 31. Rd5 Rb4 32. Bc2 Rb2 33. Ba4 Rb4
34. Bc2 Rc4 35. Bd3 Rc1+ 36. Ke2 Nb4 37. Rb5 Nxd3 38. Kxd3 Rg1 39. g3 g6 40. Re5
Re8 41. Nf6 Rd1+ 42. Kc2 Rxe5 43. Nxd7+ Kg7 44. Nxe5 Rxd6 45. h4 Re6 46. Nd3 Kf6
47. Kd2 Kf5 48. f3 h5 49. Nf4 Re7 50. Ng2 Ra7 51. Ne3+ Ke5 52. Kd3 Ra3+ 53. Ke2
Ra2+ 54. Kd3 Rf2 55. Nc4+ Kd5 56. Ne3+ Ke6 57. Ke4 Ra2 58. Kf4 Ra4+ 59. Kg5 Ra5+
60. Kf4 f6 61. g4 Ra4+ 62. Kg3 Ra3 63. Ng2 hxg4 64. Kxg4 Ke5 65. Kg3 Ra4 66. Ne1
Rd4 67. Nc2 Rd3 68. Ne1 Rc3 69. Ng2 f5 70. Nf4 Rc6 71. Nd3+ Kd4 72. Nf4 Rd6 73.
h5 gxh5 74. Nxh5 Ke5 75. Nf4 Rd4 76. Ng6+ Kf6 77. Nf4 Rd8 78. Kf2 Rd6 79. Ke3
Ra6 80. Kf2 Kg5 81. Kg3 Rd6 82. Nh3+ Kf6 83. Kf4 Ra6 84. Kg3 Ke5 85. Nf4 Rd6 86.
Ne2 Rd1 87. f4+ Ke6 88. Kf2 Rd3 89. Ng3 Ra3 90. Kg2 Ra2+ 91. Kf3 Ra5 92. Kf2 Rd5
93. Kf3 Kd6 94. Kg2 Kc5 95. Kf2 Kd4 96. Ke2 Ra5 97. Kf2 Kd3 98. Kf3 Kd2 99. Kf2
Kd1 100. Ke3 Ke1 101. Nxf5 Rxf5 102. Ke4 Rf8 103. f5 Ke2 104. Kf4 Kf2 105. Ke5
Kg3 106. f6 Kg4 107. Ke6 Kg5 0-1

[Event "23rd European Teams"]
[Site "Terme Catez SLO"]
[Date "2021.11.15"]
[Round "4.14"]
[Board "1"]
[White "Djukic, Nikola"]
[Black "Mastrovasilis, Dimitrios"]
[Result "1/2-1/2"]
[WhiteTitle "GM"]
[BlackTitle "GM"]
[WhiteElo "2519"]
[BlackElo "2619"]
[WhiteTeam "Montenegro"]
[BlackTeam "Greece"]
[WhiteFideId "922412"]
[BlackFideId "4202694"]
[EventDate "2021.11.12"]

1. e4 e5 2. Nf3 Nc6 3. Bb5 Nf6 4. O-O Nxe4 5. Re1 Nd6 6. Nxe5 Be7 7. Bf1 Nxe5 8.
Rxe5 O-O 9. Nc3 Bf6 10. Re1 Re8 11. Nd5 Rxe1 12. Qxe1 b6 13. Nxf6+ Qxf6 14. d3
Bb7 15. Qd2 Re8 16. Qf4 Qf5 17. Bd2 h6 18. Qxf5 Nxf5 19. c3 Re6 20. Re1 g5 21.
f3 c5 22. Kf2 Kg7 23. d4 cxd4 24. cxd4 Rxe1 25. Bxe1 Bd5 26. b3 Kf6 27. Bd3 Ke6
28. Bxf5+ Kxf5 29. g4+ Kg6 30. Ke3 f5 31. gxf5+ Kxf5 1/2-1/2

[Event "23rd European Teams"]
[Site "Terme Catez SLO"]
[Date "2021.11.15"]
[Round "4.14"]
[Board "4"]
[White "Kelires, Andreas"]
[Black "Potpara, Nikola"]
[Result "1-0"]
[WhiteTitle "GM"]
[WhiteElo "2535"]
[BlackElo "2374"]
[WhiteTeam "Greece"]
[BlackTeam "Montenegro"]
[WhiteFideId "5900727"]
[BlackFideId "910058"]
[EventDate "2021.11.12"]

1. d4 Nf6 2. c4 e6 3. g3 d5 4. Bg2 Bb4+ 5. Nd2 O-O 6. Nf3 b6 7. O-O Bb7 8. Ne5
Be7 9. b3 a5 10. Bb2 c5 11. dxc5 bxc5 12. Re1 Nbd7 13. Nxd7 Qxd7 14. cxd5 exd5
15. e4 d4 16. a4 Rfe8 17. Nc4 Ra6 18. Qd3 Bf8 19. f3 Qd8 20. Bc1 Nd5 21. Bd2 Nb4
22. Bxb4 cxb4 23. f4 Qa8 24. Ra2 Bc5 25. e5 Bxg2 26. Rxg2 g6 27. Rc2 Rc6 28. Kg2
Rcc8+ 29. Qf3 Qa6 30. Rd2 Red8 31. Re4 Ra8 32. f5 gxf5 33. Qxf5 Qe6 34. Rg4+ Kh8
35. Qxe6 fxe6 36. Rf4 Rd5 37. Rd3 Kg7 38. Kf3 Ba7 39. Ke4 Rf8 40. Rdf3 Rxf4+ 41.
gxf4 Rd7 42. Nxa5 Bb6 43. Nc4 Ba7 44. Nd6 Rd8 45. Rg3+ Kf8 46. Nb5 Bb6 47. Rd3 1-0

[Event "23rd European Teams"]
[Site "Terme Catez SLO"]
[Date "2021.11.15"]
[Round "4.16"]
[Board "1"]
[White "Agopov, Mikael"]
[Black "Saraci, Nderim"]
[Result "1/2-1/2"]
[WhiteTitle "IM"]
[BlackTitle "IM"]
[WhiteElo "2430"]
[BlackElo "2486"]
[WhiteTeam "Finland"]
[BlackTeam "Kosovo"]
[WhiteFideId "501840"]
[BlackFideId "6351921"]
[EventDate "2021.11.12"]

1. e4 e5 2. Nf3 Nc6 3. Bb5 a6 4. Ba4 d6 5. c3 Bd7 6. d4 g6 7. Bg5 Be7 8. h4 Nf6
9. Qe2 O-O 10. d5 Nb8 11. Bxd7 Nbxd7 12. Bh6 Re8 13. c4 c6 14. Nc3 cxd5 15. cxd5
Rc8 16. O-O Ng4 17. Bg5 h6 18. Bxe7 Qxe7 19. Rac1 Rc7 20. g3 Ngf6 21. Nd2 Rec8
22. Qe3 Kg7 23. Ne2 Ng4 24. Qf3 h5 25. Rxc7 Rxc7 26. Rc1 Nb6 27. Qb3 Rxc1+ 28.
Nxc1 Qc7 29. Nd3 Nf6 30. Kg2 Nbd7 31. f3 Qa5 32. Nc4 Qc7 33. Qb4 b5 34. Ne3 Qb6
35. Kf2 Nc5 36. Nxc5 dxc5 37. Qc3 Nd7 38. b3 Kg8 39. Kg2 Qc7 40. Nc2 Nf6 41. Ne1
Nd7 42. Nd3 Qd6 43. Kf2 f5 44. Kg2 fxe4 45. fxe4 Kg7 46. Nf4 Nf8 47. Nh3 Nh7 48.
a4 Qc7 49. axb5 axb5 50. Nf4 Nf8 51. Qa1 c4 52. bxc4 bxc4 53. Ne2 Nd7 54. Nc3
Qb6 55. Qa3 Kf7 56. Qa4 Qb2+ 57. Kh3 Nf6 58. Qxc4 Ng4 59. Ne2 Qb1 60. Qc7+ Kg8
61. Qc8+ Kg7 62. Qc7+ Kh6 63. Qc1+ Qxc1 64. Nxc1 Nf2+ 65. Kg2 Nxe4 66. Nd3 Kg7
67. Nxe5 Kf6 68. Nd3 Kf5 69. Kf3 g5 70. hxg5 Nxg5+ 71. Ke3 Nf7 72. Kd4 Nd6 73.
Nf2 Nf7 74. Kc5 Ke5 75. Nh3 Kf5 76. Kc6 Kg4 77. Nf4 h4 78. gxh4 Kxf4 79. d6 Nxd6
80. Kxd6 Kg4 81. h5 Kg5 82. Ke7 Kxh5 1/2-1/2

[Event "23rd European Teams"]
[Site "Terme Catez SLO"]
[Date "2021.11.15"]
[Round "4.17"]
[Board "3"]
[White "Tisaj, Domen"]
[Black "Davis, Lee"]
[Result "1-0"]
[WhiteTitle "FM"]
[WhiteElo "2369"]
[BlackElo "1972"]
[WhiteTeam "Slovenia 2"]
[BlackTeam "Wales"]
[WhiteFideId "14628708"]
[BlackFideId "1801325"]
[EventDate "2021.11.12"]

1. d4 Nf6 2. c4 e6 3. Nc3 Bb4 4. e3 b6 5. Ne2 Bb7 6. a3 Be7 7. d5 O-O 8. e4 e5
9. g3 d6 10. Bg2 a5 11. O-O Na6 12. Rb1 Re8 13. h3 Bf8 14. b4 axb4 15. axb4 h6
16. Be3 Kh7 17. Qd3 g6 18. f4 Nd7 19. Qc2 Qe7 20. Nc1 Bg7 21. f5 g5 22. Nd3 f6
23. Ra1 Bf8 24. Ra2 Qd8 25. Rfa1 Qc8 26. Bf3 Be7 27. Qd2 Rg8 28. Bd1 Kh8 29. Ra3
Kh7 30. R1a2 Kg7 31. Kh2 Kh7 32. Bh5 Kg7 33. Ra4 Rh8 34. Qd1 Nf8 35. Qa1 Nd7 36.
Be2 h5 37. Ne1 h4 38. g4 Rd8 39. Nc2 Rh8 40. Kg2 Rd8 41. Ne1 Rh8 42. Nf3 Rd8 43.
Nd2 Rh8 44. Nd1 Rd8 45. Nb2 Kh7 46. Kf2 Bf8 47. c5 dxc5 48. Bxa6 Bxa6 49. Rxa6
Rxa6 50. Rxa6 cxb4 51. Ra7 Nc5 52. Na4 Qb8 53. Nxc5 bxc5 54. Qa5 Rd7 55. Ra8 1-0

[Event "23rd European Teams"]
[Site "Terme Catez SLO"]
[Date "2021.11.15"]
[Round "4.18"]
[Board "4"]
[White "Verstraeten, Rein"]
[Black "Kanyamarala, Trisha"]
[Result "1-0"]
[WhiteTitle "IM"]
[BlackTitle "WIM"]
[WhiteElo "2386"]
[BlackElo "2089"]
[WhiteTeam "Belgium"]
[BlackTeam "Ireland"]
[WhiteFideId "223654"]
[BlackFideId "45004722"]
[EventDate "2021.11.12"]

1. d4 Nf6 2. c4 e6 3. Nf3 d5 4. g3 dxc4 5. Bg2 Nc6 6. Qa4 Bb4+ 7. Bd2 Nd5 8.
Bxb4 Nxb4 9. O-O Rb8 10. Na3 O-O 11. Qb5 b6 12. Qxc4 Qe8 13. Ne5 Nxe5 14. Qxb4
Nd7 15. Qa4 a6 16. Bc6 Qe7 17. Rac1 Nf6 18. Nc2 e5 19. Rfd1 e4 20. Ne3 Rd8 21.
Qa3 Qxa3 22. bxa3 Bd7 23. d5 Ne8 24. Rd4 Nd6 25. g4 f6 26. a4 g6 27. Kg2 Kf8 28.
Kg3 Bc8 29. Nc4 Nxc4 30. Rcxc4 f5 31. Kf4 Ke7 32. h4 Rf8 33. g5 Kd6 34. Rc1 Bb7
35. h5 Rg8 36. Rdd1 Bc8 37. Rh1 b5 38. a5 b4 39. hxg6 hxg6 40. Ba4 Bb7 41. Rh7
Rbd8 42. Bc6 Bxc6 43. Rxc6+ Kxd5 44. Rhxc7 Rb8 45. Rc5+ Kd6 46. R7c6+ Kd7 47.
Rxa6 b3 48. axb3 Rxb3 49. Ke5 Re8+ 50. Kd5 Rb7 51. Rxg6 Re7 52. Rb6 Ra7 53. a6
Ke8 54. Rcc6 e3 55. fxe3 Rad7+ 56. Rd6 Kf7 57. Rxd7 Rxd7+ 58. Ke5 Re7+ 59. Kxf5
Rxe3 60. Rb7+ Ke8 61. a7 1-0

[Event "23rd European Teams"]
[Site "Terme Catez SLO"]
[Date "2021.11.16"]
[Round "5.1"]
[Board "1"]
[White "Mamedyarov, Shakhriyar"]
[Black "Grischuk, Alexander"]
[Result "1/2-1/2"]
[WhiteTitle "GM"]
[BlackTitle "GM"]
[WhiteElo "2765"]
[BlackElo "2773"]
[WhiteTeam "Azerbaijan"]
[BlackTeam "Russia"]
[WhiteFideId "13401319"]
[BlackFideId "4126025"]
[EventDate "2021.11.12"]

1. c4 c5 2. Nf3 Nf6 3. Nc3 Nc6 4. g3 d5 5. cxd5 Nxd5 6. Bg2 g6 7. O-O Bg7 8. d4
Nxc3 9. bxc3 cxd4 10. cxd4 Nxd4 11. Nxd4 Qxd4 12. Rb1 O-O 13. Be3 Qc4 14. Bd5
Qa6 15. Qb3 Bf6 16. Bh6 Bg7 17. Be3 Bf6 18. Bh6 Bg7 19. Bf4 Be6 20. Bxe6 fxe6
21. Qxb7 Qxe2 22. Qxe7 Rae8 23. Qxa7 Rxf4 24. gxf4 Qg4+ 25. Kh1 Qf3+ 26. Kg1
Qg4+ 27. Kh1 Qf3+ 28. Kg1 Qg4+ 29. Kh1 Qf3+ 30. Kg1 Qg4+ 31. Kh1 1/2-1/2

[Event "23rd European Teams"]
[Site "Terme Catez SLO"]
[Date "2021.11.16"]
[Round "5.1"]
[Board "2"]
[White "Dubov, Daniil"]
[Black "Radjabov, Teimour"]
[Result "1/2-1/2"]
[WhiteTitle "GM"]
[BlackTitle "GM"]
[WhiteElo "2714"]
[BlackElo "2763"]
[WhiteTeam "Russia"]
[BlackTeam "Azerbaijan"]
[WhiteFideId "24126055"]
[BlackFideId "13400924"]
[EventDate "2021.11.12"]

1. d4 Nf6 2. c4 e6 3. Nf3 d5 4. Nc3 Be7 5. Bg5 h6 6. Bxf6 Bxf6 7. e3 O-O 8. Rc1
dxc4 9. Bxc4 Nd7 10. Ne4 c5 11. Nxf6+ Qxf6 12. O-O Rd8 13. Bb5 cxd4 14. Qxd4
Qxd4 15. Nxd4 Nf6 16. Be2 Bd7 17. f4 Nd5 18. Kf2 Rac8 19. Bf3 Nb4 20. Ke2 Nd5
21. g3 Kf8 22. a3 Ke7 23. e4 Nc7 24. Ke3 Nb5 25. Nxb5 Bxb5 26. Be2 Bxe2 27. Kxe2
f5 28. Ke3 Kf6 29. e5+ Ke7 30. h4 h5 31. Rfe1 1/2-1/2

[Event "23rd European Teams"]
[Site "Terme Catez SLO"]
[Date "2021.11.16"]
[Round "5.1"]
[Board "3"]
[White "Mamedov, Rauf"]
[Black "Alekseenko, Kirill"]
[Result "1/2-1/2"]
[WhiteTitle "GM"]
[BlackTitle "GM"]
[WhiteElo "2673"]
[BlackElo "2710"]
[WhiteTeam "Azerbaijan"]
[BlackTeam "Russia"]
[WhiteFideId "13401653"]
[BlackFideId "4135539"]
[EventDate "2021.11.12"]

1. e4 e5 2. Nf3 Nc6 3. Bc4 Bc5 4. c3 Nf6 5. d4 exd4 6. cxd4 Bb4+ 7. Nbd2 Nxe4 8.
d5 Ne7 9. O-O Bxd2 10. Nxd2 Nf6 11. Nf3 O-O 12. Bg5 d6 13. Bxf6 gxf6 14. Nd4 f5
15. Nf3 Ng6 16. Qd4 Re8 17. Rfe1 Bd7 18. Bd3 Rxe1+ 19. Rxe1 c5 20. dxc6 Bxc6 21.
Bxf5 Bxf3 22. Bxg6 hxg6 23. gxf3 Qg5+ 24. Kf1 Rc8 25. Qxd6 Qb5+ 26. Kg2 Qxb2 27.
Qd5 b6 28. Qd7 Rf8 29. Qxa7 Kg7 30. Re4 Qf6 31. Qc7 Ra8 32. Rf4 Qg5+ 33. Kh1 Rf8
34. Qc3+ Kg8 35. Rg4 Qc5 36. Qb3 Qc6 37. h4 Rd8 38. h5 Rd6 39. Kg2 Kg7 40. h6+
Kxh6 41. Qxf7 Rf6 42. Rh4+ Kg5 43. Rg4+ Kh6 44. Qb3 Rf5 45. Qe3+ Kg7 46. a4 Qf6
47. Qd3 Kh7 48. Qd7+ Kh6 49. Rg3 Rh5 50. Qe8 Kg7 51. f4 Qf5 52. Qe5+ 1/2-1/2

[Event "23rd European Teams"]
[Site "Terme Catez SLO"]
[Date "2021.11.16"]
[Round "5.1"]
[Board "4"]
[White "Esipenko, Andrey"]
[Black "Guseinov, Gadir"]
[Result "1/2-1/2"]
[WhiteTitle "GM"]
[BlackTitle "GM"]
[WhiteElo "2713"]
[BlackElo "2665"]
[WhiteTeam "Russia"]
[BlackTeam "Azerbaijan"]
[WhiteFideId "24175439"]
[BlackFideId "13401378"]
[EventDate "2021.11.12"]

1. e4 c5 2. Nf3 d6 3. Bb5+ Bd7 4. Bxd7+ Qxd7 5. c4 Nf6 6. Nc3 g6 7. d4 cxd4 8.
Nxd4 Bg7 9. f3 O-O 10. Be3 Nc6 11. O-O a6 12. Qd3 Rab8 13. a4 Qc7 14. b3 e6 15.
Rac1 Qa5 16. Rfd1 Rfd8 17. Qd2 d5 18. cxd5 exd5 19. exd5 Nxd5 20. Nxc6 bxc6 21.
Nxd5 Qxd5 22. Qxd5 cxd5 23. Rd3 d4 24. Bf2 h5 25. Kf1 Rdc8 26. Rxc8+ Rxc8 27.
Ke2 Rc2+ 28. Rd2 Rc3 29. Rd3 Rc2+ 30. Rd2 Rc3 31. Rd3 1/2-1/2

[Event "23rd European Teams"]
[Site "Terme Catez SLO"]
[Date "2021.11.16"]
[Round "5.2"]
[Board "2"]
[White "Berkes, Ferenc"]
[Black "Anton Guijarro, David"]
[Result "1/2-1/2"]
[WhiteTitle "GM"]
[BlackTitle "GM"]
[WhiteElo "2676"]
[BlackElo "2669"]
[WhiteTeam "Hungary"]
[BlackTeam "Spain"]
[WhiteFideId "718572"]
[BlackFideId "2285525"]
[EventDate "2021.11.12"]

1. d4 d5 2. Nf3 e6 3. Bf4 Bd6 4. e3 Nf6 5. Nbd2 O-O 6. Bd3 Bxf4 7. exf4 b6 8.
Qe2 c5 9. c3 a5 10. O-O Ba6 11. Rfe1 Bxd3 12. Qxd3 Nc6 13. f5 exf5 14. Qxf5 cxd4
15. cxd4 Qc8 16. Qxc8 Rfxc8 17. a3 a4 18. Rac1 Na5 19. Ne5 b5 20. Nd3 Rxc1 21.
Rxc1 Ne4 22. Nb1 Nb3 23. Rd1 f6 24. f3 Nd6 25. Nc3 Rd8 26. Kf2 Kf7 27. g4 g5 28.
h4 gxh4 29. Rh1 h5 30. Rxh4 hxg4 31. Rxg4 Rh8 32. Nxd5 Nf5 33. Nc5 Nbxd4 34. Ne4
Rh3 35. Nexf6 Rxf3+ 36. Ke1 Rb3 37. Rg2 Ke6 38. Kd1 Rd3+ 39. Rd2 Rb3 40. Kc1 Rf3
41. Rd1 Nb3+ 42. Kb1 Nfd4 43. Re1+ Kd6 44. Rd1 Rf5 45. Nc3 Rxf6 46. Ne4+ Ke5 47.
Nxf6 Kxf6 48. Re1 Kf5 49. Re7 Kf4 50. Re8 Kf3 51. Re7 Nd2+ 52. Kc1 Ne4 53. Rh7
Ke3 54. Rh3+ Ke2 55. Rh2+ Kd3 56. Rh3+ Kc4 57. Rh4 Ng5 58. Rh5 Ngf3 59. Rh3 Kd3
60. Kd1 Ke4 61. Rh5 Ke3 62. Rc5 Kd3 63. Rc3+ Ke4 64. Rc8 Kd5 65. Kc1 Ke5 66.
Re8+ Kd6 67. Rd8+ Kc5 68. Rc8+ Nc6 69. Kc2 Ne5 70. b3 Nd7 71. bxa4 bxa4 72. Kd3
Nb6 73. Rc7 Nd5 74. Rc8 Nb6 75. Rc7 Nd5 1/2-1/2

[Event "23rd European Teams"]
[Site "Terme Catez SLO"]
[Date "2021.11.16"]
[Round "5.2"]
[Board "3"]
[White "Santos Latasa, Jaime"]
[Black "Gledura, Benjamin"]
[Result "0-1"]
[WhiteTitle "GM"]
[BlackTitle "GM"]
[WhiteElo "2633"]
[BlackElo "2635"]
[WhiteTeam "Spain"]
[BlackTeam "Hungary"]
[WhiteFideId "2293307"]
[BlackFideId "712779"]
[EventDate "2021.11.12"]

1. e4 e5 2. Nf3 Nf6 3. Nxe5 d6 4. Nf3 Nxe4 5. d4 d5 6. Bd3 Bd6 7. O-O O-O 8. c4
c6 9. Re1 Bf5 10. Qb3 Qd7 11. c5 Bc7 12. Nbd2 Re8 13. Nh4 Be6 14. Qc2 f5 15. f3
Qd8 16. g3 Nxg3 17. hxg3 Bxg3 18. Ng2 Bxe1 19. Nxe1 Qh4 20. Ng2 Qxd4+ 21. Kf1
Nd7 22. Nb3 Qf6 23. Be3 Re7 24. Bd4 Qh6 25. Kf2 f4 26. Qc1 Rf8 27. Qh1 Qxh1 28.
Rxh1 Bf5 29. Nxf4 Ne5 30. Bxf5 Rxf5 31. Bxe5 Rexe5 32. Ne2 g5 33. Rg1 Kh8 34.
Nbd4 Rf6 35. b4 a6 36. a4 h5 37. b5 axb5 38. axb5 cxb5 39. Rb1 g4 40. Rxb5 Rf7
41. Rb6 Kh7 42. Rb1 h4 43. Rg1 Re4 44. Rh1 Kg6 45. Rd1 Kg5 46. f4+ Rfxf4+ 47.
Nxf4 Rxf4+ 48. Kg2 Re4 49. c6 bxc6 50. Nxc6 h3+ 51. Kf1 Kh4 52. Nd4 g3 53. Kg1
Kg4 54. Kh1 Re3 55. Kg1 Kf4 56. Kf1 Ke5 57. Kg1 Kf4 58. Kf1 Kg4 59. Kg1 Re5 60.
Kf1 Re4 61. Kg1 h2+ 62. Kg2 Rf4 63. Ne6 Rf2+ 64. Kh1 Rf6 65. Re1 Rf5 66. Kg2
Rf2+ 67. Kh1 g2+ 68. Kxh2 Rf1 0-1

[Event "23rd European Teams"]
[Site "Terme Catez SLO"]
[Date "2021.11.16"]
[Round "5.2"]
[Board "4"]
[White "Kantor, Gergely"]
[Black "Santos Ruiz, Miguel"]
[Result "1/2-1/2"]
[WhiteTitle "GM"]
[BlackTitle "GM"]
[WhiteElo "2566"]
[BlackElo "2603"]
[WhiteTeam "Hungary"]
[BlackTeam "Spain"]
[WhiteFideId "751499"]
[BlackFideId "22291482"]
[EventDate "2021.11.12"]

1. d4 Nf6 2. c4 e6 3. Nf3 d5 4. Nc3 dxc4 5. e4 Bb4 6. Bg5 h6 7. Bxf6 Qxf6 8.
Bxc4 c5 9. O-O cxd4 10. e5 Qd8 11. Ne4 Nc6 12. Qe2 a6 13. Rfd1 b5 14. Bd3 Bb7
15. Rac1 Rc8 16. Ng3 Be7 17. Bb1 d3 18. Qe3 Nb4 19. Rxc8 Qxc8 20. a3 Nd5 21.
Qxd3 Qc4 22. Qd2 O-O 23. Rc1 Qf4 24. Qc2 g6 25. Ne2 Qa4 26. Qd2 b4 27. Qxh6 Rc8
28. Rf1 bxa3 29. bxa3 Bf8 30. Qg5 Be7 31. Qh6 Bf8 32. Qg5 Be7 1/2-1/2

[Event "23rd European Teams"]
[Site "Terme Catez SLO"]
[Date "2021.11.16"]
[Round "5.3"]
[Board "1"]
[White "Sargissian, Gabriel"]
[Black "Firouzja, Alireza"]
[Result "0-1"]
[WhiteTitle "GM"]
[BlackTitle "GM"]
[WhiteElo "2664"]
[BlackElo "2770"]
[WhiteTeam "Armenia"]
[BlackTeam "France"]
[WhiteFideId "13300881"]
[BlackFideId "12573981"]
[EventDate "2021.11.12"]

1. d4 d5 2. c4 c6 3. Nf3 Nf6 4. Nc3 dxc4 5. a4 Bf5 6. e3 e6 7. Bxc4 Bb4 8. O-O
O-O 9. Qe2 Bg6 10. Ne5 Nbd7 11. Nxg6 hxg6 12. Rd1 Qc7 13. e4 e5 14. d5 Bxc3 15.
d6 Qa5 16. bxc3 b5 17. Ba2 bxa4 18. Ba3 Qxc3 19. f3 Rab8 20. Rdc1 Qd4+ 21. Kh1
c5 22. Rd1 Qc3 23. Rdc1 Qa5 24. Rd1 Qb5 25. Bc4 Qc6 26. Rac1 Rb6 27. Qf2 Qc8 28.
Qg3 Qb8 29. Ba2 Rxd6 30. Qxg6 Rxd1+ 31. Rxd1 Qb5 32. Qg5 Qe2 33. Qd2 Qxd2 34.
Rxd2 Rc8 35. Kg1 c4 36. Rc2 Nb6 37. Kf2 Nfd7 38. Ke3 Nc5 39. Bb2 Nd3 40. Bc3 a3
41. Bd2 Rc5 42. Ke2 Nf4+ 43. Kf1 Rb5 44. Bc1 Rb3 45. Rxc4 Nxc4 46. Bxb3 Nd3 47.
Bg5 Na5 48. Ba2 Nb4 49. Bd2 Nxa2 50. Bxa5 Nc1 51. Bc3 a2 52. Bxe5 Nb3 53. Ke2
a1=Q 54. Bxa1 Nxa1 55. Kd3 Nb3 0-1

[Event "23rd European Teams"]
[Site "Terme Catez SLO"]
[Date "2021.11.16"]
[Round "5.3"]
[Board "2"]
[White "Vachier-Lagrave, Maxime"]
[Black "Martirosyan, Haik M."]
[Result "1/2-1/2"]
[WhiteTitle "GM"]
[BlackTitle "GM"]
[WhiteElo "2766"]
[BlackElo "2624"]
[WhiteTeam "France"]
[BlackTeam "Armenia"]
[WhiteFideId "623539"]
[BlackFideId "13306553"]
[EventDate "2021.11.12"]

1. e4 e5 2. Nf3 Nc6 3. Bb5 Nf6 4. O-O Nxe4 5. d4 Nd6 6. Bxc6 dxc6 7. dxe5 Nf5 8.
Qxd8+ Kxd8 9. h3 Ke8 10. Nc3 h5 11. Bf4 Be7 12. Rad1 Nh4 13. Nd4 Nf5 14. Nce2
Nxd4 15. Nxd4 g5 16. Bh2 Rh6 17. f4 gxf4 18. Bxf4 Rg6 19. Kh2 Bd7 20. Be3 Rd8
21. Nf5 Bg5 22. Bxg5 Rxg5 23. Nh6 Rg7 24. Nf5 Rg5 25. Nh6 Rg7 26. Nf5 Rg5 27.
Nh6 1/2-1/2

[Event "23rd European Teams"]
[Site "Terme Catez SLO"]
[Date "2021.11.16"]
[Round "5.3"]
[Board "3"]
[White "Hovhannisyan, Robert"]
[Black "Lagarde, Maxime"]
[Result "1-0"]
[WhiteTitle "GM"]
[BlackTitle "GM"]
[WhiteElo "2622"]
[BlackElo "2647"]
[WhiteTeam "Armenia"]
[BlackTeam "France"]
[WhiteFideId "13302507"]
[BlackFideId "662399"]
[EventDate "2021.11.12"]

1. e4 c5 2. Nf3 d6 3. d4 cxd4 4. Nxd4 Nf6 5. Nc3 Nc6 6. Bg5 e6 7. Qd2 a6 8.
O-O-O Bd7 9. f4 Be7 10. Nf3 b5 11. Bxf6 gxf6 12. f5 Qb6 13. Kb1 O-O-O 14. a3 Kb8
15. Nd4 d5 16. exd5 Nxd4 17. Qxd4 Qxd4 18. Rxd4 exd5 19. Rxd5 Bc6 20. Rxd8+ Bxd8
21. Bd3 Re8 22. Rd1 Bb6 23. Be2 Bxg2 24. Rd6 Kc7 25. Rxf6 Bd4 26. Rxf7+ Kc6 27.
f6 Bxc3 28. Re7 Rxe7 29. fxe7 Kd7 30. bxc3 Kxe7 31. c4 Bc6 32. Kc1 Kd6 33. Kd2
bxc4 34. Bxc4 a5 35. Ke3 Ke5 36. Be2 h6 37. h4 Be8 38. Bd3 Bd7 39. Bf1 Be8 40.
Ba6 Kd5 41. Bd3 Ke5 42. Bc4 Bg6 43. c3 Be8 44. Bg8 Bb5 45. Bf7 Bc6 46. Kd3 Bb5+
47. c4 Bc6 48. Bg6 Bd7 49. Be4 Be6 50. Bb7 Bf7 51. Bf3 Be6 52. c5 Bc8 53. Ke3
Bf5 54. Bb7 Be6 55. Kd3 Bd5 56. Ba6 Bg2 57. Bc4 Bc6 58. Bf7 Bb5+ 59. Ke3 Bc6 60.
Bc4 Be8 61. Kd3 Bc6 62. Kc3 Ke4 63. Bf7 Bb5 64. Be6 Ke5 65. Bc4 Bc6 66. Kd3 Be4+
67. Ke3 Bc6 68. Bf7 Kf6 69. Bh5 Ke5 70. Bf3 Be8 71. Ba8 Ba4 72. Bb7 Bb3 73. Kf3
Be6 74. Kg3 Bf5 75. Bf3 Be6 76. Bg4 Bb3 77. Bd7 Bf7 78. Kg4 Bg6 79. c6 Kd6 80.
Bf5 Be8 81. Be4 h5+ 82. Kg5 Kc7 83. Bg2 Kd6 84. Bf3 Kc7 85. Bxh5 Bxc6 86. Bg6
Kd6 87. Kf6 1-0

[Event "23rd European Teams"]
[Site "Terme Catez SLO"]
[Date "2021.11.16"]
[Round "5.3"]
[Board "4"]
[White "Moussard, Jules"]
[Black "Ter-Sahakyan, Samvel"]
[Result "0-1"]
[WhiteTitle "GM"]
[BlackTitle "GM"]
[WhiteElo "2632"]
[BlackElo "2615"]
[WhiteTeam "France"]
[BlackTeam "Armenia"]
[WhiteFideId "642908"]
[BlackFideId "13302531"]
[EventDate "2021.11.12"]

1. e4 c5 2. Nf3 d6 3. d4 cxd4 4. Nxd4 Nf6 5. Nc3 a6 6. Be3 e5 7. Nb3 Be7 8. h3
h6 9. Qd2 Be6 10. O-O-O Nbd7 11. g4 Rc8 12. Kb1 b5 13. f4 exf4 14. Bxf4 Ne5 15.
Nd5 Nxd5 16. exd5 Bd7 17. Bd3 Bf6 18. Nd4 O-O 19. Rhf1 Re8 20. Nf3 Nxd3 21. Qxd3
b4 22. Nd4 Rc5 23. Qf3 Bxd4 24. Rxd4 Bb5 25. Rc1 Qf6 26. Re4 Rxe4 27. Qxe4 Rc4 0-1